000 00417nam a2200169Ia 4500
008 110201s9999 xx 000 0 und d
082 _bB4547
_aE 108
100 _aPACKARD VANCE
245 _aTHE HIDDEN PERSUADERS
260 _bPENGUIN BOOK INDIA
365 _b0
600 _aPACKARD VANCE
630 _aTHE HIDDEN PERSUADERS
700 _aPACKARD VANCE
730 _aTHE HIDDEN PERSUADERS
942 _cBOOK
999 _c830812
_d830809